logo

Bir Sreshtho Munshi Abdur Rouf Library
Jhenaidah Cadet College

King Henry V : (Record no. 10461)

MARC details
000 -LEADER
fixed length control field 00639nam a2200205 a 4500
001 - CONTROL NUMBER
JCCL Control Number 10461
003 - CONTROL NUMBER IDENTIFIER
JCCL marc code BD-JhCC
005 - DATE AND TIME OF LATEST TRANSACTION
control field 20180428175205.0
008 - FIXED-LENGTH DATA ELEMENTS--GENERAL INFORMATION
fixed length control field 180428s1961 usa |||| |||| 000 0 eng d
035 ## - SYSTEM CONTROL NUMBER
system control number (BD-JhCC)10461
040 ## - CATALOGING SOURCE
Original cataloging agency BD-JhCC
Modifying agency BD-JhCC
041 ## - LANGUAGE CODE
Language code of Book eng
082 ## - DEWEY DECIMAL CLASSIFICATION NUMBER
Classification number 822.332
Author mark and Year ROB 1961
100 ## - MAIN ENTRY--PERSONAL NAME
Personal name Roberts, James L.
245 ## - TITLE STATEMENT
Title King Henry V :
Remainder of title notes, including preface, scene-by scene synopses and commentaries, character sketches, critical notes, questions and answers /
Statement of responsibility, etc James L. Roberts,
260 ## - PUBLICATION, DISTRIBUTION, ETC. (IMPRINT)
Place of publication, distribution, etc USA :
Name of publisher, distributor, etc Cliff's notes,
Date of publication, distribution, etc 1961
300 ## - PHYSICAL DESCRIPTION
Pagination 79 p. :
Dimensions 19 cm.
650 ## - SUBJECT ADDED ENTRY--TOPICAL TERM
Topical term or geographic name as entry element English drama
942 ## - ADDED ENTRY ELEMENTS (KOHA)
Source of classification or shelving scheme Dewey Decimal Classification
Koha item type Books
Holdings
Source of classification or shelving scheme Damaged status Not for loan Home library Current library Shelving location Date of accession Cost, normal purchase price Total Checkouts Full call number Barcode Date last seen Copy number Koha item type
Dewey Decimal Classification     JCC Rouf Library JCC Rouf Library General Stacks 04/28/2018 1.00   822.332 ROB 1961 13969 04/28/2018 C-1 Books
Dewey Decimal Classification     JCC Rouf Library JCC Rouf Library General Stacks 04/28/2018 1.00   822.332 ROB 1961 13921 04/28/2018 C-2 Books

JCC Library | Contacts | JCC Home

Last Update on 23 September 2017
Copyright @ 2017-2020 JCC Rouf Library
Rouf Library, Jhenidah Cadet College (JCC), Bangladesh